La rilevanza della identità sessuale nel diritto canonico : tesi di laurea in Diritto canonico /

Saved in:
Bibliographic Details
Main Authors: Pasqua di Bisceglie, Gilda (Author), Zanotti, Andrea, (1957- ) (Author)
Format: Book
Language:Italian
Published: A.a. 1994-1995
Tags: Add Tag
No Tags, Be the first to tag this record!

MARC

LEADER 00000nam a22000007i 4500
001 IT\ICCU\UBO\3460606
003 ItRI
005 20260124192843.0
008 080723m19941995it |||||| ||||| |||||c
040 |b ita  |c importazione bologna sebina 
041 7 |a ita  |2 ISO-639-2 
100 1 |a Pasqua di Bisceglie, Gilda  |0 IT\ICCU\UBOV\253183  |4 aut 
245 1 3 |a La rilevanza della identità sessuale nel diritto canonico :  |b tesi di laurea in Diritto canonico /  |c presentata da: Gilda Pasqua di Bisceglie ; relatore: Andrea Zanotti. 
260 |c A.a. 1994-1995 
300 |a 98 p. ;  |c 30 cm 
500 |a In testa al front.: Università degli Studi di Bologna, Facoltà di Giurisprudenza, Corso di laurea in Giurisprudenza 
500 |a In calce al front.: sessione straordinaria invernale, anno accademico 1994-95. 
700 1 |a Zanotti, Andrea,  |d  (1957- )  |0 IT\ICCU\CFIV\034966  |4 aut 
942 |2 ddc  |c TS  |n 0 
952 |0 0  |1 0  |4 0  |6 TESI_346_450000000000000_PAS  |7 0  |9 23486  |a BO  |b BO  |d 2026-01-15  |i 4850  |l 0  |o TESI 346.450 PAS  |p BO4850  |r 2026-01-15 23:22:59  |w 2026-01-15  |x [Sebina 7] [1 v. (2. copia)]  |y TS  |z 1 v. (2. copia) 
952 |0 0  |1 0  |4 0  |6 TESI_346_450000000000000_PAS  |7 0  |9 23487  |a BO  |b BO  |d 2026-01-15  |i 4852  |l 0  |o TESI 346.450 PAS  |p BO4852  |r 2026-01-15 23:22:59  |w 2026-01-15  |x [Sebina 7] [1 v.]  |y TS  |z 1 v. 
999 |c 20011  |d 20011